[Event "SVK-ch U14"]
[Site "Tatralandia"]
[Date "2015.04.23"]
[Round "7"]
[White "Gogora, Kristian"]
[Black "Zahorcek, Jakub"]
[Result "1-0"]
[WhiteElo "1615"]
[BlackElo "1238"]
[PlyCount "75"]
[EventDate "2015.04.18"]
[EventType "swiss"]
[EventRounds "9"]
[EventCountry "SVK"]
[SourceTitle "CBM 166 Extra"]
[Source "ChessBase"]
[SourceDate "2015.06.18"]
[SourceVersion "1"]
[SourceVersionDate "2015.06.18"]
[SourceQuality "1"]

1. d4 d5 2. c4 e6 3. Nc3 Nf6 4. Bg5 Be7 5. Nf3 Nc6 6. e3 h6 7. Bh4 Bd7 8. Bxf6 Bxf6 9. cxd5 exd5 10. Nxd5 Be6 11. Nxf6+ gxf6 12. Be2 Bd5 13. 0-0 Qe7 14. Re1 0-0-0 15. Bf1 Rhg8 16. Nd2 Be4 17. Nxe4 Qxe4 18. f3 Qd5 19. a3 Ne7 20. Rc1 Nf5 21. Qc2 c6 22. Qf2 Ne7 23. b4 a6 24. a4 Kb8 25. b5 axb5 26. axb5 cxb5 27. Rc5 Qe6 28. Rxb5 Nc6 29. Reb1 Qd7 30. Qb2 b6 31. Rxb6+ Kc7 32. Rb7+ Kd6 33. Rxd7+ Rxd7 34. Qb6 Rc8 35. Qc5+ Kc7 36. Rb6 Rd6 37. Bb5 Kd7 38. d5 1-0

[Event "SVK-ch U14"]
[Site "Tatralandia"]
[Date "2015.04.21"]
[Round "5"]
[White "Kardis, Benjamin"]
[Black "Gogora, Kristian"]
[Result "1-0"]
[WhiteElo "1535"]
[BlackElo "1615"]
[PlyCount "73"]
[EventDate "2015.04.18"]
[EventType "swiss"]
[EventRounds "9"]
[EventCountry "SVK"]
[SourceTitle "CBM 166 Extra"]
[Source "ChessBase"]
[SourceDate "2015.06.18"]
[SourceVersion "1"]
[SourceVersionDate "2015.06.18"]
[SourceQuality "1"]

1. d4 Nf6 2. c4 g6 3. Nc3 Bg7 4. e4 d6 5. f3 0-0 6. Be3 e5 7. d5 Nbd7 8. Qd2 a5 9. Nge2 Nb6 10. Bxb6 cxb6 11. g4 Nd7 12. h4 h6 13. Ng3 Nc5 14. h5 g5 15. Nf5 Bxf5 16. gxf5 a4 17. 0-0-0 a3 18. b3 Qc7 19. Kb1 f6 20. Bd3 Nd7 21. Nb5 Qc5 22. Rhe1 Rfc8 23. b4 Qxb5 24. cxb5 Bf8 25. Rc1 Rd8 26. Rc7 Kf7 27. Rxb7 Ke8 28. Rc1 Be7 29. Rcc7 Bf8 30. Qc2 Be7 31. Qc6 Kf8 32. Rxd7 Rdc8 33. Qxb6 Bd8 34. Rxd8+ Rxd8 35. Qc7 Rd7 36. Qxd7 g4 37. Qf7# 1-0

[Event "SVK-ch U14"]
[Site "Tatralandia"]
[Date "2015.04.20"]
[Round "3"]
[White "Bango, Lukas"]
[Black "Gogora, Kristian"]
[Result "1-0"]
[WhiteElo "2133"]
[BlackElo "1615"]
[PlyCount "87"]
[EventDate "2015.04.18"]
[EventType "swiss"]
[EventRounds "9"]
[EventCountry "SVK"]
[SourceTitle "CBM 166 Extra"]
[Source "ChessBase"]
[SourceDate "2015.06.18"]
[SourceVersion "1"]
[SourceVersionDate "2015.06.18"]
[SourceQuality "1"]

1. c4 e5 2. Nc3 Nf6 3. g3 d5 4. cxd5 Nxd5 5. Bg2 Nb6 6. Nf3 Bd6 7. 0-0 0-0 8. a3 f5 9. d3 Nc6 10. b4 a5 11. b5 Ne7 12. Bb2 Be6 13. Ng5 Bc8 14. Qb3+ Kh8 15. Nf7+ Rxf7 16. Qxf7 a4 17. e4 f4 18. gxf4 exf4 19. Nd5 Qg8 20. Qxg8+ Kxg8 21. Nxb6 cxb6 22. e5 Bb8 23. Rac1 Bg4 24. Bxb7 Ra7 25. Be4 Rd7 26. f3 Bh3 27. Rfd1 Kf8 28. Rc4 h6 29. Rxa4 Kf7 30. Bc6 Rc7 31. Rxf4+ Kg6 32. Be4+ Kg5 33. Rf7 g6 34. Rc1 Ra7 35. f4+ Kh4 36. Bd4 Be6 37. Rh7 h5 38. Bxb6 Rd7 39. Rxe7 Rxe7 40. Bd8 Ba7+ 41. Kh1 Be3 42. Bxe7+ Kh3 43. Rf1 Bg4 44. Bg2# 1-0

[Event "SVK-chT3A2 1415"]
[Site "Slovakia"]
[Date "2014.10.19"]
[Round "1.2"]
[White "Gogora, Kristian"]
[Black "Ulehla, Jakub"]
[Result "1-0"]
[WhiteElo "1528"]
[BlackElo "1479"]
[PlyCount "109"]
[EventDate "2014.10.19"]
[EventType "team-tourn"]
[EventRounds "11"]
[EventCountry "SVK"]
[SourceTitle "EXT 2019"]
[Source "ChessBase"]
[SourceDate "2018.10.10"]
[SourceVersion "1"]
[SourceVersionDate "2018.10.10"]
[SourceQuality "1"]

1. d4 d5 2. c4 c6 3. Nc3 Nf6 4. Bf4 e6 5. e3 Be7 6. cxd5 exd5 7. Bd3 0-0 8. Nge2 Nbd7 9. Ng3 Nb6 10. 0-0 Re8 11. Qc2 h6 12. Nf5 Bxf5 13. Bxf5 Bd6 14. Bxd6 Qxd6 15. h3 Rad8 16. Rab1 Nc4 17. Rfd1 Qc7 18. Qa4 Nd6 19. Bd3 a6 20. Qc2 Nde4 21. Bxe4 Nxe4 22. Na4 Rd6 23. b4 Rf6 24. Rf1 Qd7 25. Nc5 Nxc5 26. bxc5 Rg6 27. Kh2 Ree6 28. Qb2 Re7 29. Qb6 Qc7+ 30. Qxc7 Rxc7 31. Rb6 Rf6 32. Kg3 Rg6+ 33. Kf3 Rf6+ 34. Ke2 Rg6 35. g3 Re6 36. a4 g5 37. Rfb1 Ree7 38. Kf3 f6 39. Kg4 Rh7 40. R1b2 Kf8 41. Kf5 Rcf7 42. Ke6 Ke8 43. Kf5 Kd8 44. e4 dxe4 45. Kxe4 Kc8 46. Kf5 Rhg7 47. Re2 Rd7 48. Rb4 Rg8 49. Rd2 Rf7 50. Ke6 Rff8 51. d5 Rd8 52. d6 Rge8+ 53. Kf5 Kd7 54. Rxb7+ Kc8 55. Rc7+ 1-0

[Event "SVK-chT4 A22 1314"]
[Site "Slovakia"]
[Date "2013.11.17"]
[Round "4.6"]
[White "Kosar, Mikulas1111"]
[Black "Gogora, Kristian"]
[Result "1/2-1/2"]
[WhiteElo "1701"]
[BlackElo "1218"]
[PlyCount "46"]
[EventDate "2013.10.06"]
[EventType "team-tourn"]
[EventRounds "11"]
[EventCountry "SVK"]
[SourceTitle "EXT 2015"]
[Source "ChessBase"]
[SourceDate "2014.11.20"]
[SourceVersion "1"]
[SourceVersionDate "2014.11.20"]
[SourceQuality "1"]
[WhiteTeam "Gabcikovo Russel II"]
[BlackTeam "Dunajska Streda SK III"]
[WhiteTeamCountry "SVK"]
[BlackTeamCountry "SVK"]

1. e4 c5 2. Nf3 e6 3. d4 cxd4 4. Qxd4 Nc6 5. Qd3 Nb4 6. Qd1 Nf6 7. a3 Nc6 8. Nc3 Be7 9. Be2 d5 10. exd5 exd5 11. Nd4 0-0 12. 0-0 Bc5 13. Nb3 Be7 14. Be3 Be6 15. Nd4 Nxd4 16. Bxd4 Rc8 17. Re1 b6 18. Ba6 Rc7 19. Be5 Rc5 20. b4 Rc6 21. Bb5 Rc8 22. Ba6 Rc6 23. Bb5 Rc8 1/2-1/2